[Event "Niedersachsen 1-Hessen 1"]
[Site "Gladenbach"]
[Date "2011.09.12"]
[Round "2.2"]
[White "Dornieden, Manfred"]
[Black "Klundt, Klaus"]
[Result "1/2-1/2"]
[WhiteElo "2092"]
[BlackElo "2356"]
[PlyCount "92"]
[EventDate "2011.??.??"]
[WhiteTeam "Niedersachsen 1"]
[BlackTeam "Hessen 1"]

1. c4 c6 2. Nf3 Nf6 3. g3 d5 4. b3 Bf5 5. Bg2 e6 6. O-O Be7 7. d3 O-O 8. Bb2
Nbd7 9. Nbd2 h6 10. Rc1 Bh7 11. Rc2 a5 12. a3 Bd6 13. Qa1 Qe7 14. Re1 Rfe8 15.
e4 dxe4 16. Nxe4 Nxe4 17. dxe4 e5 18. Rce2 Nc5 19. Qd1 Red8 20. Qc2 Ne6 21. Qc1
f6 22. Rd1 Bc5 23. Bh3 Nf8 24. a4 Qc7 25. Qc2 Rxd1+ 26. Qxd1 Rd8 27. Rd2 Rxd2
28. Nxd2 Bb4 29. Qc2 Nd7 30. Bxd7 Qxd7 31. Bc3 Bc5 32. Kg2 Kf7 33. f3 b6 34.
Nf1 Ke6 35. Qd2 Qd6 36. g4 Qxd2+ 37. Bxd2 Kd6 38. Ng3 Ke6 39. Kf1 Ke7 40. Ke2
Bg6 41. Be3 Kd6 42. Bd2 Bg1 43. h4 Kc5 44. h5 Bh7 45. Kd3 Bf2 46. Nf5 Bxf5
1/2-1/2

[Event "Niedersachsen 1-Hessen 1"]
[Site "Gladenbach"]
[Date "2011.09.12"]
[Round "2.3"]
[White "Haakert, Jürgen"]
[Black "Ljubarskij, Juri"]
[Result "1-0"]
[WhiteElo "2319"]
[BlackElo "2133"]
[PlyCount "73"]
[EventDate "2011.??.??"]
[WhiteTeam "Hessen 1"]
[BlackTeam "Niedersachsen 1"]

1. c4 e5 2. Nc3 f5 3. d4 exd4 4. Qxd4 Nf6 5. g3 Nc6 6. Qe3+ Be7 7. Bg2 O-O 8.
Nh3 Bb4 9. O-O d6 10. Nf4 Re8 11. Qd2 a5 12. a3 Bc5 13. b3 Ne5 14. Bb2 Bd7 15.
Qc2 Rb8 16. Rad1 Qc8 17. Ncd5 Nxd5 18. cxd5 Qd8 19. Ne6 Bxe6 20. dxe6 Ng6 21.
Qxf5 Rf8 22. Qh5 c6 23. Be4 Qe8 24. Bf5 b5 25. e4 Qe7 26. Rd3 Rb7 27. Rc1 Re8
28. Rf3 Rf8 29. Rf4 Rxf5 30. Rxf5 Qxe6 31. b4 axb4 32. axb4 Bxb4 33. Rxc6 Re7
34. Qd1 Re8 35. Qd4 Qd7 36. Ra6 Be1 37. Ra7 1-0

[Event "Niedersachsen 1-Hessen 1"]
[Site "Gladenbach"]
[Date "2011.09.12"]
[Round "2.4"]
[White "Adibekian, Roubik"]
[Black "Haubt, Georg"]
[Result "1/2-1/2"]
[WhiteElo "2051"]
[BlackElo "2147"]
[PlyCount "132"]
[EventDate "2011.??.??"]
[WhiteTeam "Niedersachsen 1"]
[BlackTeam "Hessen 1"]

1. d4 f5 2. Nf3 Nf6 3. h4 b6 4. g3 Bb7 5. Bg2 e6 6. O-O c5 7. c3 Qc8 8. Nbd2
Be7 9. dxc5 bxc5 10. Nc4 d5 11. Nce5 O-O 12. Bg5 Nc6 13. Nxc6 Qxc6 14. Qc2 Bd6
15. Bxf6 Rxf6 16. e3 Rd8 17. Rfd1 Qc7 18. c4 Rg6 19. h5 Rh6 20. cxd5 Bxd5 21.
Nh4 Bxg2 22. Nxg2 Rxh5 23. Rd2 Be7 24. Rad1 Rh6 25. Rxd8+ Bxd8 26. Qa4 Rf6 27.
Qe8+ Rf8 28. Qxe6+ Kh8 29. b3 Bg5 30. f4 Bd8 31. Rd7 Qa5 32. Rf7 Rg8 33. a4 Bf6
34. Qxf5 Qc3 35. Qe6 h6 36. g4 Rd8 37. Rxa7 Qc1+ 38. Kh2 Qd1 39. Kg3 Rb8 40.
Rc7 Qc1 41. Rc8+ Rxc8 42. Qxc8+ Kh7 43. a5 Bc3 44. Qf5+ Kh8 45. Qd3 Bxa5 46.
Kf3 Qh1 47. Kf2 h5 48. Qb5 h4 49. Qxa5 h3 50. Qd8+ Kh7 51. Qh4+ Kg8 52. Qg3
hxg2 53. Qxg2 Qd1 54. Qa8+ Kh7 55. Qe4+ Kh8 56. g5 Qd2+ 57. Kg3 Qe1+ 58. Kg4
Qd1+ 59. Kf5 Qd7+ 60. Qe6 Qd3+ 61. e4 Qh3+ 62. Ke5 Qc3+ 63. Kd6 Qd4+ 64. Kc6
Qd8 65. g6 Qa8+ 66. Kxc5 Qd5+ 1/2-1/2

[Event "NRW 1-Württemberg 1"]
[Site "Gladenbach"]
[Date "2011.09.12"]
[Round "2.1"]
[White "Frick, Christoph"]
[Black "Khanukov, Boris"]
[Result "0-1"]
[WhiteElo "2205"]
[BlackElo "2222"]
[PlyCount "62"]
[EventDate "2011.??.??"]
[WhiteTeam "Württemberg 1"]
[BlackTeam "NRW 1"]

1. e4 c5 2. Nc3 Nc6 3. g3 g6 4. Bg2 Bg7 5. d3 d6 6. Nh3 Rb8 7. O-O Bd7 8. f4 e6
9. Be3 Nge7 10. Qd2 O-O 11. g4 f5 12. gxf5 gxf5 13. e5 dxe5 14. Bxc5 Rc8 15.
Rae1 Re8 16. Qf2 Ng6 17. Nb5 b6 18. Be3 Nb4 19. Nc3 Bf6 20. Qd2 Bc6 21. fxe5
Bxe5 22. a3 Nd5 23. Bg5 Qd6 24. Bf3 Nxc3 25. bxc3 Bxf3 26. Rxf3 Bxc3 27. Qe2
Bxe1 28. Qxe1 Rxc2 29. Rg3 e5 30. Nf4 Qc5+ 31. d4 Qxd4+ 0-1

[Event "NRW 1-Württemberg 1"]
[Site "Gladenbach"]
[Date "2011.09.12"]
[Round "2.2"]
[White "Rotstein, Jefim"]
[Black "Rädeker, Bernd"]
[Result "1/2-1/2"]
[WhiteElo "2263"]
[BlackElo "2096"]
[PlyCount "82"]
[EventDate "2011.??.??"]
[WhiteTeam "NRW 1"]
[BlackTeam "Württemberg 1"]

1. d4 d5 2. Nf3 Nc6 3. Bf4 Bg4 4. e3 e6 5. c4 Bb4+ 6. Nc3 Nge7 7. Rc1 O-O 8. h3
Bxf3 9. Qxf3 Ng6 10. cxd5 exd5 11. Bd3 Nxf4 12. Qxf4 Ne7 13. O-O c6 14. Rfd1
Qd6 15. Qxd6 Bxd6 16. a3 a5 17. f3 f5 18. Rc2 Rad8 19. Na4 Kh8 20. Nc5 Bxc5 21.
Rxc5 b6 22. Rc3 Rf6 23. a4 g6 24. f4 Re6 25. Kf2 Rb8 26. Rdc1 Kg7 27. g4 h6 28.
gxf5 gxf5 29. Kf3 Rg6 30. R1c2 Kf7 31. Rg2 Rxg2 32. Kxg2 Ke6 33. Kf3 Kd6 34.
Rc2 Rg8 35. Rg2 Rxg2 36. Kxg2 Ke6 37. Kg3 Ng6 38. Ba6 Kd6 39. Be2 c5 40. Bh5
Nf8 41. Bf7 Nd7 1/2-1/2

[Event "NRW 1-Württemberg 1"]
[Site "Gladenbach"]
[Date "2011.09.12"]
[Round "2.3"]
[White "Rapp, Uwe"]
[Black "Rosen, Willy"]
[Result "1/2-1/2"]
[WhiteElo "2080"]
[BlackElo "2222"]
[PlyCount "35"]
[EventDate "2011.??.??"]
[WhiteTeam "Württemberg 1"]
[BlackTeam "NRW 1"]

1. b3 Nf6 2. Bb2 e6 3. e3 d5 4. Nf3 Be7 5. d4 O-O 6. Bd3 Ne4 7. O-O f5 8. Ne5
Nd7 9. f4 Nxe5 10. fxe5 c5 11. c4 Qb6 12. Nc3 cxd4 13. Na4 Qd8 14. exd4 Bd7 15.
Nc3 Qa5 16. Bxe4 fxe4 17. Qg4 dxc4 18. Nxe4 1/2-1/2

[Event "NRW 1-Württemberg 1"]
[Site "Gladenbach"]
[Date "2011.09.12"]
[Round "2.4"]
[White "Schippan, Bernhard"]
[Black "Gerstenberger, Heinz"]
[Result "1/2-1/2"]
[WhiteElo "2212"]
[BlackElo "2055"]
[PlyCount "67"]
[EventDate "2011.??.??"]
[WhiteTeam "NRW 1"]
[BlackTeam "Württemberg 1"]

1. e4 e6 2. d4 d5 3. Nd2 Be7 4. Ngf3 c5 5. exd5 Qxd5 6. Bc4 Qh5 7. dxc5 Nd7 8.
Ne4 Nxc5 9. Nd6+ Kf8 10. Bf4 Nh6 11. h3 Ne4 12. Qd4 Qa5+ 13. c3 Nxd6 14. Bxd6
Nf5 15. Bxe7+ Kxe7 16. Qf4 Nd6 17. Bb3 Qf5 18. Qh4+ Qf6 19. Qb4 Rd8 20. a4 Bd7
21. O-O Bc6 22. Nd4 Rac8 23. Rad1 Qg5 24. Nxc6+ Rxc6 25. Rd3 a5 26. Qd4 b6 27.
Rfd1 Nb7 28. Qe4 Rxd3 29. Rxd3 Nc5 30. Qxc6 Nxd3 31. Qc7+ Ke8 32. Qc6+ Ke7 33.
Qc7+ Ke8 34. Qc8+ 1/2-1/2

[Event "Sachsen-Baden 1"]
[Site "Gladenbach"]
[Date "2011.09.12"]
[Round "2.1"]
[White "Nekrasov, Michail"]
[Black "Bodach, Hans"]
[Result "1-0"]
[WhiteElo "2280"]
[BlackElo "2113"]
[PlyCount "113"]
[EventDate "2011.??.??"]
[WhiteTeam "Baden 1"]
[BlackTeam "Sachsen"]

1. e4 c5 2. Nf3 Nc6 3. Bb5 g6 4. Bxc6 dxc6 5. d3 Bg7 6. h3 Nf6 7. Nc3 Be6 8.
Ng5 Bd7 9. f4 Qc7 10. O-O h6 11. Nf3 O-O 12. Qe1 Rad8 13. Be3 b6 14. Qh4 Bc8
15. g4 Nh7 16. Rae1 f6 17. Ne2 e6 18. Kh1 Kh8 19. Qf2 Qf7 20. b3 f5 21. Rg1
fxe4 22. dxe4 Nf6 23. Ng3 Ng8 24. Qe2 Kh7 25. Rd1 Qe7 26. c4 Rxd1 27. Rxd1 Rd8
28. Rxd8 Qxd8 29. e5 Bf8 30. Ne4 Kg7 31. Kg2 Ba6 32. Qd2 Qxd2+ 33. Nfxd2 Be7
34. Kf3 Kf8 35. Bf2 Bc8 36. Nf1 Kg7 37. Nfd2 Kf8 38. Ke2 Bd7 39. Nf3 Kg7 40.
Bh4 Bxh4 41. Nxh4 Kf7 42. Nd6+ Kg7 43. Ke3 Ne7 44. Nf3 Kf8 45. Ke4 Kg7 46. Nd2
Kf8 47. Nf1 Kg7 48. Ng3 Kh7 49. h4 Kg7 50. h5 Kh7 51. hxg6+ Kxg6 52. Nh5 Ng8
53. Ke3 Ne7 54. Nf6 Bc8 55. Kf3 Ba6 56. Nd7 Kg7 57. f5 1-0

[Event "Sachsen-Baden 1"]
[Site "Gladenbach"]
[Date "2011.09.12"]
[Round "2.4"]
[White "Lenk, Wolfgang"]
[Black "Gierth, Hans-Joachim"]
[Result "0-1"]
[WhiteElo "2071"]
[BlackElo "2226"]
[PlyCount "108"]
[EventDate "2011.??.??"]
[WhiteTeam "Sachsen"]
[BlackTeam "Baden 1"]

1. e4 c6 2. d4 d5 3. Nc3 g6 4. e5 Bg7 5. h3 Nh6 6. Nf3 f6 7. Bd3 Nf7 8. Qe2
fxe5 9. Nxe5 Nxe5 10. dxe5 Nd7 11. f4 Nc5 12. O-O O-O 13. Kh1 b5 14. Bd2 a5 15.
Be1 b4 16. Nd1 Nxd3 17. cxd3 c5 18. Rc1 c4 19. dxc4 dxc4 20. Qxc4+ Kh8 21. Rf2
Bb7 22. Rd2 Qe8 23. Qd4 Qb5 24. Qc4 Qb6 25. Qd4 Qe6 26. Qd7 Qa6 27. Ne3 Rxf4
28. Bg3 Re4 29. Qxe7 Bf8 30. Rd8 Rxd8 31. Qxd8 Qa8 32. Qxa8 Bxa8 33. Rc8 Kg7
34. Ng4 Bd5 35. Nf6 Rd4 36. Rc7+ Bf7 37. Ne8+ Kg8 38. Nf6+ Kg7 39. Nxh7 Kxh7
40. Rxf7+ Kg8 41. Ra7 Bc5 42. Ra8+ Kf7 43. Kh2 Rd1 44. Bf4 Bd4 45. Kg3 Ra1 46.
Rxa5 b3 47. a4 Bxb2 48. Ra6 Bd4 49. e6+ Kf6 50. Kg4 b2 51. Bg5+ Kg7 52. Rd6
b1=Q 53. Rd7+ Kg8 54. Rd8+ Kh7 0-1

[Event "Berlin 1-Sachsen Anhalt 1"]
[Site "Gladenbach"]
[Date "2011.09.12"]
[Round "2.1"]
[White "Liebert, Heinz"]
[Black "Postler, Reinhard"]
[Result "1/2-1/2"]
[WhiteElo "2163"]
[BlackElo "2308"]
[PlyCount "21"]
[EventDate "2011.??.??"]
[WhiteTeam "Sachsen Anhalt 1"]
[BlackTeam "Berlin 1"]

1. c4 c6 2. Nf3 d5 3. d4 Nf6 4. Qc2 dxc4 5. Qxc4 Bf5 6. g3 e6 7. Bg2 Nbd7 8.
O-O Be7 9. Nc3 O-O 10. e3 Ne4 11. Nxe4 1/2-1/2

[Event "Berlin 1-Sachsen Anhalt 1"]
[Site "Gladenbach"]
[Date "2011.09.12"]
[Round "2.2"]
[White "Rahls, Peter"]
[Black "Neukirch, Detlef"]
[Result "1/2-1/2"]
[WhiteElo "2132"]
[BlackElo "2144"]
[PlyCount "20"]
[EventDate "2011.??.??"]
[WhiteTeam "Berlin 1"]
[BlackTeam "Sachsen Anhalt 1"]

1. e4 c5 2. Nf3 a6 3. c3 Nf6 4. e5 Nd5 5. d4 cxd4 6. cxd4 d6 7. Bc4 e6 8. Qe2
Be7 9. Nc3 Nb6 10. Bd3 N8d7 1/2-1/2

[Event "Berlin 1-Sachsen Anhalt 1"]
[Site "Gladenbach"]
[Date "2011.09.12"]
[Round "2.4"]
[White "Brameyer, Hermann"]
[Black "Werchan, Hans"]
[Result "1-0"]
[WhiteElo "2109"]
[BlackElo "2019"]
[PlyCount "83"]
[EventDate "2011.??.??"]
[WhiteTeam "Berlin 1"]
[BlackTeam "Sachsen Anhalt 1"]

1. d4 Nf6 2. Nf3 c5 3. d5 e6 4. Nc3 a6 5. a4 d6 6. e4 exd5 7. Nxd5 Nxd5 8. Qxd5
Be7 9. Bc4 O-O 10. O-O Nc6 11. c3 Be6 12. Qd3 Bxc4 13. Qxc4 Bf6 14. Rd1 Qe7 15.
Bf4 Rad8 16. Qd5 Ne5 17. Bxe5 dxe5 18. Qc4 Rc8 19. Rd5 Rfe8 20. Rad1 Qe6 21.
Qe2 Qc6 22. b3 b5 23. Rd6 Qb7 24. Rd7 Qb8 25. axb5 axb5 26. c4 b4 27. h3 Red8
28. Rxd8+ Rxd8 29. Rd5 Rxd5 30. cxd5 Be7 31. Nd2 Bd6 32. Qa6 Kf8 33. Nc4 Ke7
34. g4 h6 35. Kf1 g6 36. Ke2 Qd8 37. Qc6 Qd7 38. Qxd6+ Qxd6 39. Nxd6 Kxd6 40.
Kd3 f5 41. f3 fxg4 42. fxg4 1-0

[Event "Brandenburg-NRW 2"]
[Site "Gladenbach"]
[Date "2011.09.12"]
[Round "2.1"]
[White "Bakhmatov, Eduard"]
[Black "Walter, Günter"]
[Result "1-0"]
[WhiteElo "2189"]
[BlackElo "2185"]
[PlyCount "103"]
[EventDate "2011.??.??"]
[WhiteTeam "NRW 2"]
[BlackTeam "Brandenburg"]

1. e4 Nf6 2. e5 Nd5 3. c4 Nb6 4. c5 Nd5 5. Bc4 e6 6. d4 b6 7. cxb6 axb6 8. Ne2
d6 9. exd6 Bxd6 10. Nbc3 c6 11. O-O O-O 12. Re1 Ba6 13. Bb3 Nd7 14. Ng3 N7f6
15. Bc2 Bf4 16. Bxf4 Nxf4 17. Qf3 N6d5 18. Nxd5 Nxd5 19. Be4 Qd6 20. Rac1 Rfc8
21. a3 Bb5 22. Nh5 Qf8 23. Qg3 f5 24. Bxd5 exd5 25. Re5 Ra7 26. Rce1 Rf7 27.
Nf4 Rf6 28. h4 Kh8 29. Qe3 Qg8 30. Re7 c5 31. Qe5 cxd4 32. Nxd5 Rfc6 33. Nb4
Rc5 34. Qxd4 Rd8 35. Qe3 h6 36. Qg3 Rd4 37. Qg6 Rg4 38. Qxb6 Qa8 39. g3 Qc8 40.
Rb7 Rg6 41. Qxg6 Qxb7 42. Qd6 Qc8 43. Kh2 Kh7 44. h5 f4 45. Qg6+ Kh8 46. gxf4
Qc7 47. Qg4 Rc1 48. Nd5 Qc5 49. Rxc1 Qxc1 50. Ne7 Ba6 51. Qf5 Qc4 52. Ng6+ 1-0

[Event "Brandenburg-NRW 2"]
[Site "Gladenbach"]
[Date "2011.09.12"]
[Round "2.2"]
[White "Grottke, Hans-Joachim"]
[Black "Maslak, Sulejman"]
[Result "1-0"]
[WhiteElo "2178"]
[BlackElo "2240"]
[PlyCount "88"]
[EventDate "2011.??.??"]
[WhiteTeam "Brandenburg"]
[BlackTeam "NRW 2"]

1. e4 e6 2. d4 d5 3. Nc3 Nf6 4. e5 Nfd7 5. f4 c5 6. Nf3 Nc6 7. Be3 b6 8. Be2
Bb7 9. O-O g6 10. Qd2 a6 11. Nd1 Qc7 12. c3 Be7 13. Nf2 O-O-O 14. dxc5 bxc5 15.
Nd3 Na5 16. b3 c4 17. Nc1 cxb3 18. axb3 Nc5 19. Qa2 Nc6 20. Ng5 d4 21. cxd4
Nxd4 22. Nxf7 Qc6 23. Bg4 Nf5 24. Bxf5 gxf5 25. Nxh8 Rxh8 26. Rf2 Kb8 27. Qc2
Qb5 28. Qc4 Ne4 29. Qxb5 axb5 30. Rc2 Bc8 31. Ra7 Bd8 32. Nd3 Re8 33. Rxh7 Be7
34. Nc5 Bxc5 35. Bxc5 Bb7 36. Bd6+ Nxd6 37. exd6 Rd8 38. d7 Ka7 39. h4 Kb6 40.
Kf2 Bc6 41. g3 Kc7 42. h5 Kd6 43. Rd2+ Bd5 44. h6 Kc7 1-0

[Event "Brandenburg-NRW 2"]
[Site "Gladenbach"]
[Date "2011.09.12"]
[Round "2.3"]
[White "Bachmann, Karlheinz"]
[Black "Tröger, Rainer"]
[Result "0-1"]
[WhiteElo "2210"]
[BlackElo "2060"]
[PlyCount "91"]
[EventDate "2011.??.??"]
[WhiteTeam "NRW 2"]
[BlackTeam "Brandenburg"]

1. c4 g6 2. Nf3 c5 3. d4 Bg7 4. e4 cxd4 5. Nxd4 Qb6 6. Nb5 a6 7. Be3 Qd8 8. Nd4
Nc6 9. Nc3 d6 10. Be2 Nf6 11. O-O Bd7 12. f3 O-O 13. Qd2 Re8 14. Rfd1 Ne5 15.
Rac1 Rc8 16. Nd5 Nxd5 17. cxd5 Rxc1 18. Rxc1 Qb8 19. h3 f6 20. f4 Nf7 21. Bg4
Bxg4 22. hxg4 Rc8 23. Ne6 Bh8 24. Kf2 Nd8 25. Nxd8 Rxc1 26. Qxc1 Qxd8 27. f5
Kf7 28. Kf3 Bg7 29. b4 Qd7 30. Qc4 Bf8 31. Qb3 Qb5 32. Kf2 Qd7 33. Qc2 Kg7 34.
a4 Kf7 35. Ke2 Kg7 36. Kd1 Kf7 37. Kc1 Ke8 38. Kb2 Kd8 39. Kb3 Qc7 40. Qd3 Kd7
41. a5 Ke8 42. Bb6 Qc8 43. b5 axb5 44. Qxb5+ Kf7 45. Qd3 Bh6 46. Qc2 {Rest
nicht lesbar} 0-1

[Event "Brandenburg-NRW 2"]
[Site "Gladenbach"]
[Date "2011.09.12"]
[Round "2.4"]
[White "Rödel, Egmar"]
[Black "Groß, Werner"]
[Result "1/2-1/2"]
[WhiteElo "1908"]
[BlackElo "2095"]
[PlyCount "66"]
[EventDate "2011.??.??"]
[WhiteTeam "Brandenburg"]
[BlackTeam "NRW 2"]

1. d4 Nf6 2. Nc3 d5 3. Bg5 Nbd7 4. Nf3 g6 5. e3 Bg7 6. Bd3 O-O 7. O-O c5 8. Re1
Re8 9. e4 dxe4 10. Nxe4 Nxe4 11. Bxe4 cxd4 12. Nxd4 Qb6 13. Be3 Qxb2 14. Rb1
Qxa2 15. Nb5 Qa5 16. Bd4 Ne5 17. Qe2 Be6 18. Bxe5 Bxe5 19. Bxb7 Bf6 20. Bxa8
Rxa8 21. Qe3 Rc8 22. Nd4 Bc4 23. Red1 Qc5 24. c3 a5 25. Ra1 Kg7 26. Qh3 Bd5 27.
Rxa5 Qxa5 28. Qxc8 Qa4 29. Qg4 Kg8 30. Qc8+ Kg7 31. Qg4 Kg8 32. Qc8+ Kg7 33.
Qg4 Kg8 1/2-1/2

[Event "Bayern 1-Hessen 2"]
[Site "Gladenbach"]
[Date "2011.09.12"]
[Round "2.1"]
[White "Isserman, Ryhor"]
[Black "Scheipl, Ralf"]
[Result "1/2-1/2"]
[WhiteElo "2251"]
[BlackElo "2204"]
[PlyCount "48"]
[EventDate "2011.??.??"]
[WhiteTeam "Hessen 2"]
[BlackTeam "Bayern 1"]

1. e4 c5 2. Nf3 d6 3. d4 cxd4 4. Nxd4 Nf6 5. Nc3 Nc6 6. Bc4 e6 7. Be3 a6 8. Qe2
Qc7 9. O-O-O Be7 10. Bb3 Na5 11. g4 b5 12. g5 Nxb3+ 13. axb3 Nd7 14. Nf5 Bb7
15. Nxe7 Kxe7 16. Bf4 e5 17. Bg3 b4 18. Na4 Bc6 19. Kb1 Rhd8 20. Qc4 Qb7 21.
Bh4 g6 22. f3 Rac8 23. Qd3 Nf8 24. Bf2 Bb5 1/2-1/2

[Event "Bayern 1-Hessen 2"]
[Site "Gladenbach"]
[Date "2011.09.12"]
[Round "2.2"]
[White "Röder, Gerd"]
[Black "Zunker, Reinhard"]
[Result "0-1"]
[WhiteElo "2095"]
[BlackElo "2019"]
[PlyCount "116"]
[EventDate "2011.??.??"]
[WhiteTeam "Bayern 1"]
[BlackTeam "Hessen 2"]

1. e4 d6 2. d4 g6 3. c4 Bg7 4. Nc3 Nf6 5. f3 O-O 6. Be3 e5 7. d5 Nh5 8. Qd2 f5
9. O-O-O f4 10. Bf2 Bf6 11. Kb1 Bh4 12. g3 fxg3 13. hxg3 Bxg3 14. Bxg3 Nxg3 15.
Rh2 Nh5 16. Bh3 Nf4 17. Bxc8 Qxc8 18. Nh3 Nxh3 19. Qh6 Rf7 20. Rxh3 Nd7 21. Rg1
Nf8 22. Nd1 Qd8 23. Ne3 Qf6 24. Ng4 Qg7 25. Qg5 Rf4 26. Nh6+ Kh8 27. Nf5 Qf7
28. Nh4 Rf6 29. c5 Re8 30. cxd6 Rxd6 31. a3 c6 32. dxc6 Rxc6 33. Rd1 Qf4 34.
Qxf4 exf4 35. Ng2 g5 36. Rh5 h6 37. Ne1 Kg7 38. Nc2 Ne6 39. Rdh1 Rh8 40. R5h2
Kg6 41. Nb4 Rd6 42. Nd5 Rh7 43. Rd2 Rd8 44. Rhd1 Rhh8 45. Ne7+ Kf6 46. Nf5 Rxd2
47. Rxd2 h5 48. Rd6 Rd8 49. Rxd8 Nxd8 50. Kc2 Ke5 51. Kd3 Ne6 52. b4 g4 53.
fxg4 hxg4 54. Nh6 g3 55. Ng4+ Kd6 56. Ke2 Ng5 57. e5+ Kd5 58. Kf1 f3 0-1

[Event "Bayern 1-Hessen 2"]
[Site "Gladenbach"]
[Date "2011.09.12"]
[Round "2.3"]
[White "Niebling, Ferdinand"]
[Black "Röder, Frank"]
[Result "0-1"]
[WhiteElo "2009"]
[BlackElo "2104"]
[PlyCount "80"]
[EventDate "2011.??.??"]
[WhiteTeam "Hessen 2"]
[BlackTeam "Bayern 1"]

1. d4 d5 2. c4 c6 3. Nf3 Nf6 4. e3 Bf5 5. Nc3 e6 6. Be2 Nbd7 7. O-O Bd6 8. b3
Ne4 9. Bb2 O-O 10. Rc1 Qe7 11. Nxe4 Bxe4 12. Bd3 f5 13. Ne5 Nxe5 14. dxe5 Ba3
15. Bxa3 Qxa3 16. Bxe4 fxe4 17. Qe2 Rf5 18. cxd5 exd5 19. Qd2 Re8 20. b4 Rfxe5
21. Rc5 Qd3 22. Qxd3 exd3 23. Rc3 Re4 24. a3 d4 25. Rxd3 dxe3 26. f3 R4e5 27.
Re1 Kf7 28. Kf1 Kf6 29. Ke2 a5 30. Rd6+ R8e6 31. Rxe6+ Kxe6 32. Kd3 axb4 33.
axb4 Kd5 34. Re2 b6 35. h4 Re7 36. f4 Re4 37. Rxe3 Rxb4 38. Re5+ Kd6 39. Rh5
Rxf4 40. Rxh7 Rg4 0-1

[Event "Bayern 1-Hessen 2"]
[Site "Gladenbach"]
[Date "2011.09.12"]
[Round "2.4"]
[White "Oechslein, Rainer"]
[Black "Limberg, Siegfried"]
[Result "1-0"]
[WhiteElo "2110"]
[BlackElo "2032"]
[PlyCount "109"]
[EventDate "2011.??.??"]
[WhiteTeam "Bayern 1"]
[BlackTeam "Hessen 2"]

1. e4 c5 2. Nf3 e6 3. c4 Nc6 4. Nc3 d6 5. d4 cxd4 6. Nxd4 Nf6 7. Be2 Be7 8. O-O
a6 9. Be3 O-O 10. Qd2 Bd7 11. Rfd1 Qc7 12. Rac1 Rad8 13. f3 Rfe8 14. Nd5 Qb8
15. Nxe7+ Nxe7 16. Bg5 Kh8 17. Bxf6 gxf6 18. Qf4 Ng8 19. Nc2 Bc6 20. Kf1 Qc7
21. Rd3 Qe7 22. Rcd1 d5 23. Qd2 Rd7 24. Ne3 Red8 25. exd5 exd5 26. Nxd5 Bxd5
27. Rxd5 Rxd5 28. cxd5 Qd6 29. g3 Ne7 30. f4 Kg7 31. Bf3 Nc8 32. a3 Qb6 33. Qd4
Qc7 34. Kf2 Nd6 35. g4 Nb5 36. Qe3 Qd7 37. Re1 Nd6 38. Qd4 Nb5 39. Qd3 Qc7 40.
Kg3 Qd7 41. a4 Nd6 42. Qd4 Re8 43. Rxe8 Qxe8 44. Kf2 Kg6 45. b3 Qc8 46. Be2 h6
47. h4 Qd8 48. Bd3+ Kg7 49. g5 hxg5 50. fxg5 Ne8 51. h5 Qd6 52. h6+ Kf8 53. h7
Qh2+ 54. Kf1 fxg5 55. h8=Q+ 1-0

[Event "Hamburg-Berlin 2"]
[Site "Gladenbach"]
[Date "2011.09.12"]
[Round "2.1"]
[White "Welz, Peter"]
[Black "Jacoby, Gisbert"]
[Result "0-1"]
[WhiteElo "2036"]
[BlackElo "2091"]
[PlyCount "98"]
[EventDate "2011.??.??"]
[WhiteTeam "Berlin 2"]
[BlackTeam "Hamburg"]

1. e4 c5 2. Nc3 Nc6 3. g3 g6 4. Bg2 Bg7 5. d3 d6 6. Be3 e5 7. Nge2 Nge7 8. O-O
O-O 9. f4 exf4 10. Nxf4 b5 11. Qc1 b4 12. Ncd5 Nxd5 13. Nxd5 Be6 14. Bg5 f6 15.
Bf4 Qd7 16. Qd2 Rae8 17. c3 bxc3 18. bxc3 Bxd5 19. exd5 Ne5 20. Bxe5 Rxe5 21.
Rae1 Rfe8 22. Rxe5 Rxe5 23. d4 cxd4 24. Qxd4 f5 25. c4 Qe7 26. a4 Re4 27. Qd3
Rd4 28. Qb3 Rd2 29. Qf3 h5 30. Kh1 Bd4 31. Rd1 Rxd1+ 32. Qxd1 Qe3 33. Bf3 Kg7
34. Qf1 g5 35. a5 Kg6 36. a6 g4 37. Be2 Kg5 38. Qg2 h4 39. gxh4+ Kxh4 40. Qf1
f4 41. Qg2 Qc1+ 42. Qf1 Qe3 43. c5 Qe4+ 44. Qg2 Qxg2+ 45. Kxg2 f3+ 46. Bxf3
gxf3+ 47. Kxf3 Bxc5 48. Kg2 Kg4 49. h3+ Kf4 0-1

[Event "Hamburg-Berlin 2"]
[Site "Gladenbach"]
[Date "2011.09.12"]
[Round "2.2"]
[White "Engelbert, Christoph"]
[Black "Burger, Heinrich"]
[Result "1-0"]
[WhiteElo "2090"]
[BlackElo "2014"]
[PlyCount "171"]
[EventDate "2011.??.??"]
[WhiteTeam "Hamburg"]
[BlackTeam "Berlin 2"]

1. e4 c5 2. c3 d5 3. exd5 Qxd5 4. d4 g6 5. Nf3 Bg7 6. Na3 cxd4 7. Bc4 Qe4+ 8.
Be3 Nh6 9. cxd4 O-O 10. O-O Bg4 11. Bxh6 Bxh6 12. Re1 Bxf3 13. Rxe4 Bxd1 14.
Rxd1 e6 15. d5 exd5 16. Bxd5 Nc6 17. Bxc6 bxc6 18. Rd7 Bg7 19. Nc4 Rad8 20.
Rxd8 Rxd8 21. Kf1 Kf8 22. Ke2 Rd5 23. b3 h5 24. Re3 Bd4 25. Re4 Bg7 26. g3 Bf6
27. f4 Bd4 28. Kf3 c5 29. Re2 g5 30. fxg5 Rxg5 31. Re4 Rd5 32. Re2 Bg7 33. Rd2
Bd4 34. Ke4 Rg5 35. Kf4 f6 36. h4 Rd5 37. Ke4 Rd7 38. Kf3 Rd5 39. Ne3 Re5 40.
Ng2 Kf7 41. Nf4 Re3+ 42. Kg2 Re5 43. Re2 Rf5 44. Kf3 a5 45. Re4 Bc3 46. Ke2 Be5
47. Ke3 Bxf4+ 48. Rxf4 Re5+ 49. Kf2 Rd5 50. Ra4 c4 51. bxc4 Rd4 52. Rxa5 Rxc4
53. Ra3 Kg6 54. Kf3 Rd4 55. Rb3 Ra4 56. a3 Kf5 57. Ke2 Kg6 58. Kd2 f5 59. Rb6+
Kg7 60. Rb3 f4 61. Kc2 fxg3 62. Rxg3+ Kf6 63. Rh3 Kf5 64. Kb3 Ra8 65. Rc3 Kg4
66. Rc4+ Kg3 67. a4 Rb8+ 68. Ka3 Ra8 69. Kb4 Rb8+ 70. Ka5 Rb1 71. Ka6 Rh1 72.
a5 Ra1 73. Rb4 Rf1 74. Kb6 Rf6+ 75. Kc7 Ra6 76. Ra4 Rxa5 77. Rxa5 Kxh4 78. Kd6
Kg4 79. Ke5 h4 80. Ra4+ Kg3 81. Kf5 h3 82. Ra3+ Kg2 83. Kg4 h2 84. Ra2+ Kg1 85.
Kg3 h1=N+ 86. Kf3 1-0

[Event "Hamburg-Berlin 2"]
[Site "Gladenbach"]
[Date "2011.09.12"]
[Round "2.3"]
[White "Badestein, Hartmut"]
[Black "Horn, Peter"]
[Result "0-1"]
[WhiteElo "1988"]
[BlackElo "2096"]
[PlyCount "104"]
[EventDate "2011.??.??"]
[WhiteTeam "Berlin 2"]
[BlackTeam "Hamburg"]

1. e4 e6 2. d3 c5 3. Nf3 Nc6 4. g3 g6 5. Bg2 Bg7 6. O-O Nge7 7. c3 e5 8. Be3 d6
9. Qd2 O-O 10. d4 cxd4 11. cxd4 d5 12. Nxe5 Nxe5 13. dxe5 dxe4 14. Qxd8 Rxd8
15. Nc3 Bxe5 16. Bxe4 Bf5 17. Bxf5 Nxf5 18. Rad1 Nxe3 19. fxe3 Rac8 20. Nd5 Kg7
21. Rf2 Rc5 22. Rfd2 Bxb2 23. Rxb2 Rcxd5 24. Rxd5 Rxd5 25. Rxb7 Rd1+ 26. Kf2
Rd2+ 27. Kf3 Rxa2 28. h4 h5 29. Rc7 Ra1 30. Rc6 Rf1+ 31. Kg2 Rf6 32. Rc7 a5 33.
Ra7 Rf5 34. Ra6 Kf8 35. Ra7 Ke8 36. e4 Rb5 37. Kf3 Rb3+ 38. Kf2 Ra3 39. Kg2 Ra1
40. Kf3 a4 41. Kf4 a3 42. Kf3 Kd8 43. Kg2 f6 44. Ra6 Ke7 45. Kh2 a2 46. Kg2 Kd7
47. Kh2 Kc7 48. Kg2 Kb7 49. Ra4 Kb6 50. Ra8 Kc5 51. Ra7 Kd4 52. Ra4+ Ke3 0-1

[Event "Hamburg-Berlin 2"]
[Site "Gladenbach"]
[Date "2011.09.12"]
[Round "2.4"]
[White "Schulz, Wolfgang"]
[Black "Sprotte, Norbert"]
[Result "0-1"]
[WhiteElo "2005"]
[BlackElo "2146"]
[PlyCount "126"]
[EventDate "2011.??.??"]
[WhiteTeam "Hamburg"]
[BlackTeam "Berlin 2"]

1. e4 e6 2. d4 d5 3. Nd2 Nc6 4. Ngf3 Nf6 5. e5 Nd7 6. Be2 f6 7. exf6 Qxf6 8.
Nf1 Bd6 9. Bg5 Qf7 10. Ne3 O-O 11. O-O Qh5 12. h4 Nf6 13. Ne5 Qe8 14. Nxc6 bxc6
15. Ng4 Nxg4 16. Bxg4 e5 17. Bxc8 Qxc8 18. dxe5 Bxe5 19. c3 Rb8 20. Rb1 Bf6 21.
Bxf6 Rxf6 22. Qd4 Qb7 23. b4 Rbf8 24. f4 Qb6 25. g3 Re6 26. Rfe1 Rfe8 27. Rxe6
Rxe6 28. Qxb6 cxb6 29. Kf2 Kf7 30. h5 Re4 31. Kf3 Rc4 32. Rb3 Kf6 33. g4 h6 34.
Ke3 Ke6 35. Ra3 a5 36. bxa5 bxa5 37. Kf3 a4 38. Kg3 Kf6 39. Kf3 c5 40. Kg3 Re4
41. Kf3 Rc4 42. Kg3 g6 43. hxg6 Kxg6 44. Kh4 Rxf4 45. c4 Rxc4 46. Re3 Re4 47.
Rc3 Rc4 48. Re3 h5 49. Re6+ Kf7 50. Rd6 Rxg4+ 51. Kxh5 Rd4 52. Kg5 Ke7 53. Rc6
Rc4 54. Kf5 Kd7 55. Ra6 Re4 56. a3 c4 57. Rxa4 c3 58. Ra5 Kd6 59. Ra6+ Kc5 60.
Rh6 Kc4 61. a4 c2 62. Rh1 Kc3 63. a5 Kb2 0-1